| 000 | 00445nam a2200157 4500 | ||
|---|---|---|---|
| 001 | 121089 | ||
| 003 | ES-MaACL | ||
| 005 | 20230906191702.0 | ||
| 007 | t| | ||
| 008 | 070214s1978 sp r ||||1| spa d | ||
| 100 | 1 |
_aPonomariov, B. N. _992978 |
|
| 245 | 1 | 3 |
_aEl marxismo-leninismo _b: doctrina viva y eficiente / _cB. N. Ponomariov. |
| 260 |
_aMadrid : _bCasaló, _c1978. |
||
| 300 |
_a92 p. ; _c20 cm. |
||
| 852 |
_aES-MaACL _jA-9633 _bR.98969 |
||
| 999 |
_c121089 _d121089 |
||